00856nam a22002177a 4500999001700000003000900017008004100026040007100067082001700138100002900155245003900184260005000223300004400273440003300317505011200350650002000462650002200482942001600504945002100520952009700541 c20531d20531AR-CdUCM190531b ||||| |||| 00| 0 spa d aMUNICIPALIDAD PROVINCIAL DEL CUSCOcBIBLIOTECA MUNICIPAL DEL CUSCO a927.8 /bM48 aMuñoz Pérez, Antonio aMeyerbeer :bsu vida y sus obras / aParis :bEdit. Franco ibero americano,c1922. a186 páginas ;bIlustraciones,c18 cm. aLos Grandes músicos938097 aContenido: Juventud de Meyerbeer -- Noticia histórica -- Meyerbeer en Italia - Casamiento de Meyerbeer... aMúsicos95854 aBiografías9148 2ddccLIBROS adavvd2019-05-31 002ddc4070aSHbSHcCARTd2019-05-31g20.00o927.8 / M48pSH0000014862r2019-05-31yLIBROS